000 00315nam a22001217a 4500
008 230621b xxu||||| |||| 00| 0 eng d
020 _a0872890619
082 _a328
_bBRO 1985
245 _a1985 Congressional Staff Directory
260 _bCongressional Staff Directory
_c1885
300 _aVI,1201p
942 _2ddc
_cBK
999 _c1994
_d1994